Most Common Sources Of Immigrants In The European Union - Statistics

General Stats
  • This quiz has been taken 43 times
  • The average score is 27 of 35
Answer Stats
Total More In Country % Correct
1,3 mil Spain United Kingdom
100%
1,4 mil Germany Russia
97%
1,7 mil Germany Syria
97%
4,5 mil Germany Turkey
97%
1,6 mil France Algeria
94%
1,8 mil Portugal Brazil
94%
1,8 mil Germany China
94%
3,7 mil Spain Morocco
94%
2,6 mil Germany India
90%
1,1 mil Germany Iran
90%
690,000 Germany Iraq
90%
1,2 mil Germany United States
90%
550,000 Italy Egypt
87%
620,000 Italy Nigeria
87%
1,5 mil Italy Pakistan
87%
4,9 mil Poland Ukraine
87%
642,000 Spain Argentina
84%
1,7 mil Germany Afghanistan
81%
410,000 France Tunisia
81%
465,000 Italy Bangladesh
77%
350,000 Belgium DR Congo
77%
450,000 Poland Belarus
74%
1,3 mil Spain Colombia
71%
1,1 mil Spain Venezuela
71%
390,000 Spain Peru
68%
1,0 mil Germany Serbia
65%
342,000 Portugal Angola
61%
1,1 mil Germany Bosnia and Herzegovina
61%
460,000 Spain Philippines
61%
532,000 Germany Vietnam
61%
1,2 mil Italy Albania
55%
480,000 Germany Somalia
55%
510,000 Spain Ecuador
52%
865,000 Romania Moldova
52%
680,000 Germany Kosovo
48%
No matching quizzes found
Score Distribution
Percent of People with Each Score
Percentile by Number Answered
Your Score History
You have not taken this quiz